000 01261nab a22002417a 4500
999 _c5784
_d5784
003 OSt
005 20260106180224.0
008 190514b xxu||||| |||| 00| 0 spa d
040 _cPJ
100 _96692
_aGiraudo Esquivo, Nicolás
245 1 0 _aEfectos patrimoniales en el matrimonio y las uniones convivenciales :
_bRecompensas. Funcionamiento. Cálculo. Perspectiva de género /
_cNicolás Giraudo Esquivo.
300 _ap. 107-123
505 _aSumario: I. Introducción.— II. Efectos patrimoniales en el matrimonio y las uniones convivenciales.— III. Regímenes patrimoniales del matrimonio y las recompensas.— IV. La actualización de las recompensas y el flagelo de la inflación.— V. Perspectiva de género y recompensas.— VI. Conclusiones.
505 _tSi te interesa el texto, comunicate a koha@justierradelfuego.gov.ar
650 0 _9967
_aDERECHO DE FAMILIA
650 0 _aCODIGO CIVIL Y COMERCIAL
_91497
650 0 _aUNIONES CONVIVENCIALES
_91053
650 0 _aREGIMEN PATRIMONIAL DEL MATRIMONIO
_9723
650 0 _aRÉGIMEN DE COMUNIDAD DE BIENES
_95328
650 0 _aPERSPECTIVA DE GÉNERO
_94044
773 0 _02844
_93222
_dBuenos Aires : AbeledoPerrot, 1989-
_tDerecho de familia. N° 115 - Julio 2024
_z18511201
942 _2udc
_cANA